El estado social y sus adversidades en el siglo XXI

Detalles Bibliográficos
Formato: eBook
Lenguaje:español
Publicado: Ciudad de Mx̌ico: Editorial vLex, 2020
Materias:
Acceso en línea:Acceso restringido

MARC

LEADER 00000nam a22000007a 4500
005 20200422175058.0
007 cr|||| ||||
008 200422s2020 mx |||||s|||| 00||0 spa d
020 |a 978-607-8685-26-4 
035 |a 31383 
040 |a vLex 
090 |c 10338  |d 10338 
245 0 2 |a El estado social y sus adversidades en el siglo XXI  |h [Recurso electrn̤ico] / 
256 |a Servicio en ln̕ea 
260 |a Ciudad de Mx̌ico:  |b Editorial vLex,  |c 2020 
300 |a 1 recurso electrn̤ico 
500 |a En el primer capt̕ulo de esta obra, se aborda El Derecho a la vivienda adecuada en Mx̌ico: Su proteccin̤ exigibilidad y Justiciabilidad, de la joven investigadora Araceli Beristan̕, como parte de la complejidad en el alcance y efectividad de los derechos sociales, parte desde una doble dimensin̤: por un lado, la dificultad de entender qu ̌son y qu ̌alcance normativo tienen; en segundo třmino, el tratar de entender cm̤o es posible hacer realidad y efectivos estos derechos. El segundo capt̕ulo es sobre La Socialdemocracia en el Siglo XXI y su relacin̤ con los partidos polt̕icos que aprobaron el juicio penal Acusatorio en Mx̌ico, de Rodolfo Rafael Elizalde Castaęda y Edgar Ramn̤ Aguilera Garca̕, tratan el problema sobre la relacin̤ que existe entre la doctrina de la socialdemocracia, con la ideologa̕ y principios de los partidos polt̕icos que aprobaron el modelo de justicia penal acusatorio. El tercer capt̕ulo trata sobre El Derecho Social a la Cultura en Mx̌ico, de Carlos Muįz Da̕z, quien penetra en el concepto de cultura como una idea que se encuentra en constante evolucin̤ y que puede ser entendida a travš de sus productos, como, la ms︢ica, las artes, la literatura, la pintura, etc.; o bien, se puede entender de manera ms̀ amplia, como un proceso o modo de vida que incluye lengua, religin̤ o costumbres y al derecho como un universal ms̀ de la misma. En el cuarto capt̕ulo Alejandro Wong y Martha Izquierdo profundizan sobre, El Estado Social en el marco de la Globalizacin̤, y sostienen, siguiendo a Pedro de Vega, que en la actualidad, en pleno siglo XXI, estamos asistiendo o atestiguando el doble y contradictorio fenm̤eno, ya que, por un lado, tenemos el ensanchamiento de los espacios econm̤icos y sociales, en los que hasta este entonces las personas desarrollb̀amos nuestra existencia; y, por otro lado, de una forma simultǹea, nuestra esfera polt̕ica (en la que nos desarrollamos en plena libertad) est ̀siendo reducida a la ms̀ mn̕ima expresin̤. Con base en los avances tecnolg̤icos y cibernťicos, tienen como resultado que tanto los flujos monetarios puedan recorrer los centros burst̀iles de todo el planeta, al igual que las personas y la informacin̤, puedan transitar todo el mundo a velocidades jams̀ imaginadas. 
506 1 |a Disponible solo en los productos indicados  |d vLex Global  |d vLex Global (Academic Edition, excluding Law Schools)  |d vLex Global (U.S. Academic Edition, Law Schools)  |d vLex Global (U.S. Academic Edition, excluding Law Schools)  |d vLex Global (Academic Edition, Law Schools) 
650 0 4 |a Derecho Penal  |z Mx̌ico 
650 0 4 |a Derecho Pb︢lico y Administrativo  |z Mx̌ico 
740 0 |a vLex Libros (Servicio en ln̕ea) 
856 4 0 |u http://vlex.com/source/estado-social-y-sus-adversidades-en-el-siglo-xxi-31383  |z Acceso restringido 
942 |c BOOK 
999 0 |a Criminal Law 
999 0 |a Public and Administrative Law